José Gabriel Ocampo y la codificación comercial chilena. Los primeros borradores del proyecto de Código de Comercio.
Guardat en:
| Altres autors: | |
|---|---|
| Format: | Llibre |
| Idioma: | espanyol |
| Publicat: |
Santiago, Chile:
Universidad de Los Andes,
2000 - 2009.
|
| Col·lecció: | Colección Jurídica, 5.
|
| Matèries: | |
| Etiquetes: |
Afegir etiqueta
Sense etiquetes, Sigues el primer a etiquetar aquest registre!
|
MARC
| LEADER | 00000nam a2200000 a 4500 | ||
|---|---|---|---|
| 001 | UCO6327 | ||
| 003 | CL-VaPUC | ||
| 005 | 20250106153644.0 | ||
| 008 | 001020e20000000CL |||||||||||||||||spa|d | ||
| 999 | |c 291940 |d 291938 | ||
| 020 | |a 956-7160-17-1 (t.I) | ||
| 020 | |a 978-956-7160-54-9 (t.II) | ||
| 040 | |c Pontificia Universidad Católica de Valparaíso | ||
| 082 | 0 | 4 | |a 346.07 BRA 2000 (t.I) |2 21 |
| 082 | 0 | 4 | |a 346.07 BRA 2009 (t.II) |
| 100 | 0 | |a Brahm García, Enrique |e editor |9 451034 | |
| 245 | 1 | 0 | |a José Gabriel Ocampo y la codificación comercial chilena. |b Los primeros borradores del proyecto de Código de Comercio. |
| 260 | |a Santiago, Chile: |b Universidad de Los Andes, |c 2000 - 2009. | ||
| 300 | |a 2 Tomos. | ||
| 490 | 0 | |a Colección Jurídica, 5. | |
| 500 | |a c.4 Tomo I: Donación Familia Prof. Alejandro Guzmán Brito. c.4 Tomo II: Donación Familia Prof. Alejandro Guzmán Brito. | ||
| 583 | |a last modification |c 20001020 00:00:00 |k Rodrigo Vera | ||
| 650 | 0 | |a Agentes comerciales |9 391845 | |
| 650 | 0 | |a Bolsa de valores |9 329250 | |
| 650 | 7 | |a BOLSAS DE COMERCIO |2 CL-VaPUC |9 451035 | |
| 650 | 0 | |a Código de comercio |9 329302 | |
| 650 | 0 | |a Comerciantes |9 267878 | |
| 650 | 0 | |a Comercio |9 255341 | |
| 650 | 0 | |a Comercio marítimo |9 352895 | |
| 650 | 7 | |a CONTRATOS MERCANTILES |2 CL-VaPUC |9 391846 | |
| 650 | 7 | |a OBLIGACIONES MERCANTILES |2 CL-VaPUC |9 402527 | |
| 650 | 7 | |a SEGUROS |2 CL-VaPUC |9 451036 | |
| 651 | 7 | |a CHILE |2 CL-VaPUC |9 451037 | |
| 942 | |c BK |2 ddc | ||
| 945 | |d 20001020 00:00:00 |a vberengu | ||
| 952 | |0 0 |1 0 |4 0 |6 346_070000000000000_BRA_2000 |7 0 |8 DER_HDC |9 342280 |a BIBDER |b BIBDER |d 2019-11-20 |h t.1 |i 3658082 |o 346.07 BRA 2000 |p 3658082 |r 2023-01-25 |w 2019-11-20 |x Ubicación 4to Piso |y BK |z Estos recursos deben solicitarse con anticipación |k DER | ||
| 952 | |0 0 |1 0 |4 0 |6 346_070000000000000_BRA_2000 |7 0 |8 A |9 342281 |a BIBDER |b BIBDER |d 2019-11-20 |h t.2 |i 4604350 |l 1 |m 6 |o 346.07 BRA 2000 |p 4604350 |q 2025-12-31 |r 2020-03-04 |s 2020-03-04 |w 2019-11-20 |y BK |k DER | ||
| 952 | |0 0 |1 0 |4 0 |6 346_070000000000000_BRA_2000 |7 0 |8 A |9 342282 |a BIBDER |b BIBDER |d 2019-11-20 |h t.1 |i 4634829 |l 1 |m 6 |o 346.07 BRA 2000 |p 4634829 |q 2025-12-31 |r 2020-03-04 |s 2020-03-04 |w 2019-11-20 |y BK |k DER | ||
| 952 | |0 0 |1 0 |4 0 |6 346_070000000000000_BRA_2000 |7 0 |8 A |9 342283 |a BIBDER |b BIBDER |d 2019-11-20 |h t.2 |i 4634837 |o 346.07 BRA 2000 |p 4634837 |r 2023-01-25 |w 2019-11-20 |y BK |k DER | ||
| 952 | |0 0 |1 0 |4 0 |6 346_070000000000000_BRA_2000 |7 0 |8 A |9 342284 |a BIBDER |b BIBDER |d 2019-11-20 |h t.1 |i 4654218 |l 9 |o 346.07 BRA 2000 |p 4654218 |r 2024-10-02 |s 2024-09-25 |w 2019-11-20 |y BK |k DER | ||
| 952 | |0 0 |1 0 |2 ddc |4 0 |6 346_070000000000000_BRA_2000 |7 0 |8 DER_HDC |9 342285 |a BIBDER |b BIBDER |d 2019-11-20 |h t.2 |i 4654226 |l 3 |o 346.07 BRA 2000 |p 4654226 |r 2024-10-02 |s 2024-09-25 |w 2019-11-20 |x Ubicación 4to Piso |y BK |z Estos recursos deben solicitarse con anticipación |k DER | ||